|
|
|
|
| LEADER |
00966nam a2200205Ia 4500 |
| 001 |
CTU_54418 |
| 008 |
210402s9999 xx 000 0 und d |
| 020 |
|
|
|b 30000
|
| 082 |
|
|
|a 370.1
|
| 082 |
|
|
|b K62
|
| 100 |
|
|
|a Robert T. Kiyosaki
|
| 245 |
|
0 |
|a Học cách làm giàu và sống hạnh phúc :
|
| 245 |
|
0 |
|b Giúp đảm bảo cuộc đời của bạn và con cái ( Một cách đặt vấn đề về nền giáo dục hiện nay xem liệu nó có mang lại cho con người sự thành công và hạnh phúc? )= Do you need to go to school to be RICH & HAPPY : Ensuring lifetime security for yourself and your children
|
| 245 |
|
0 |
|c Robert T. Kiyosaki và Hal Zina Bennet; Lưu Gia Hy biên dịch
|
| 260 |
|
|
|a Hà Nội
|
| 260 |
|
|
|b Thống Kê
|
| 260 |
|
|
|c 2002
|
| 650 |
|
|
|a educational psychology,education
|
| 650 |
|
|
|x philosophy
|
| 980 |
|
|
|a Trung tâm Học liệu Trường Đại học Cần Thơ
|